MICROCONTROLADOR PIC16F84: DESARROLLO DE PROYECTOS (Registro nro. 226857)
[ vista simple ]
| 000 -LEADER | |
|---|---|
| campo de control de longitud fija | 00608nam a2200241Ia 4500 |
| 005 - FECHA Y HORA DE LA ÚLTIMA TRANSACCIÓN | |
| campo de control | 20250425162324.0 |
| 008 - DATOS DE LONGITUD FIJA--INFORMACIÓN GENERAL | |
| campo de control de longitud fija | 250425s9999 xx 000 0 und d |
| 020 ## - NÚMERO INTERNACIONAL ESTÁNDAR DEL LIBRO | |
| Número Internacional Estándar del Libro | 9701511743 |
| 041 ## - CÓDIGO DE IDIOMA | |
| Código de lengua del texto/banda sonora o título independiente | spa |
| 082 ## - NÚMERO DE LA CLASIFICACIÓN DECIMAL DEWEY | |
| Número de clasificación | 004.165 |
| 010 ## - NÚMERO DE CONTROL DE LA BIBLIOTECA DEL CONGRESO | |
| Número de control de LC | 62203 |
| 100 ## - ENTRADA PRINCIPAL--NOMBRE DE PERSONA | |
| Nombre de persona | PALACIOS MUNICIO, ENRIQUE |
| 245 #0 - MENCIÓN DEL TÍTULO | |
| Título | MICROCONTROLADOR PIC16F84: DESARROLLO DE PROYECTOS |
| 250 ## - MENCION DE EDICION | |
| Mención de edición | 2A ED. |
| 260 ## - PUBLICACIÓN, DISTRIBUCIÓN, ETC. | |
| Lugar de publicación, distribución, etc. | MEXICO |
| 260 ## - PUBLICACIÓN, DISTRIBUCIÓN, ETC. | |
| Lugar de publicación, distribución, etc. | México |
| Nombre del editor, distribuidor, etc. | ALFAOMEGA |
| Fecha de publicación, distribución, etc. | 2006 |
| 300 ## - DESCRIPCIÓN FÍSICA | |
| Extensión | 623 |
| 650 ## - PUNTO DE ACCESO ADICIONAL DE MATERIA--TÉRMINO DE MATERIA | |
| Término de materia o nombre geográfico como elemento de entrada | CONTROL DE PROCESOS |
| 650 ## - PUNTO DE ACCESO ADICIONAL DE MATERIA--TÉRMINO DE MATERIA | |
| Término de materia o nombre geográfico como elemento de entrada | MEMORIA |
| 650 ## - PUNTO DE ACCESO ADICIONAL DE MATERIA--TÉRMINO DE MATERIA | |
| Término de materia o nombre geográfico como elemento de entrada | MICROCONTROLADORES PIC |
| 650 ## - PUNTO DE ACCESO ADICIONAL DE MATERIA--TÉRMINO DE MATERIA | |
| Término de materia o nombre geográfico como elemento de entrada | PROGRAMAS DE APLICACION |
| 942 ## - ELEMENTOS DE ENTRADA SECUNDARIOS (KOHA) | |
| Tipo de ítem Koha | Libros |
| Estatus retirado | Estado de pérdida | Estado de daño | No para préstamo | Biblioteca de origen | Biblioteca actual | Ubicación en estantería | Fecha de adquisición | Coste, precio normal de compra | Etiqueta RFID | Total de préstamos | Código de barras | Copia número | Tipo de ítem Koha |
|---|---|---|---|---|---|---|---|---|---|---|---|---|---|
| CENTRO DE INFORMACIÓN BIBLIOTECARIA | CENTRO DE INFORMACIÓN BIBLIOTECARIA | 30/07/2007 | 94.00 | 0000000000000000001804 | 39579 | 2 | Libros | ||||||
| CENTRO DE INFORMACIÓN BIBLIOTECARIA | CENTRO DE INFORMACIÓN BIBLIOTECARIA | 30/07/2007 | 94.00 | 0000000000000000001802 | 39581 | 4 | Libros |